[Event "Utrecht OKU op-B 45th"]
[Site "Utrecht"]
[Date "2018.06.02"]
[Round "4"]
[White "Boghossian, Vigen"]
[Black "Monteny, Pascalle"]
[Result "0-1"]
[WhiteElo "1606"]
[BlackElo "1485"]
[PlyCount "72"]
[EventDate "2018.06.01"]
[EventType "swiss"]
[EventRounds "6"]
[EventCountry "NED"]
[SourceTitle "EXT 2019"]
[Source "ChessBase"]
[SourceDate "2018.10.10"]
[SourceVersion "1"]
[SourceVersionDate "2018.10.10"]
[SourceQuality "1"]

1. e4 e5 2. Nf3 Nc6 3. d4 exd4 4. c3 dxc3 5. Bc4 Nf6 6. Nxc3 d6 7. e5 dxe5 8. Qxd8+ Nxd8 9. Nxe5 Ne6 10. Nb5 Bd6 11. Nxd6+ cxd6 12. Bb5+ Nd7 13. Nc4 Ke7 14. Ne3 Nd4 15. Bc4 Ne5 16. 0-0 Nxc4 17. Nxc4 Be6 18. Ne3 Rac8 19. Bd2 Rc6 20. f4 f6 21. g4 Nc2 22. f5 Nxa1 23. Rxa1 Bf7 24. Bc3 Re8 25. Nc2 Kd7 26. Rd1 Rc5 27. Nd4 Rd5 28. Rc1 Rc8 29. Re1 Re8 30. Rc1 Re4 31. Ne6 Bxe6 32. fxe6+ Kxe6 33. h3 Rd3 34. g5 Rg3+ 35. Kf2 Rxg5 36. Kf3 Rh4 0-1

[Event "Utrecht OKU op-B 45th"]
[Site "Utrecht"]
[Date "2018.06.01"]
[Round "1"]
[White "Rosegg, Jaron"]
[Black "Boghossian, Vigen"]
[Result "1-0"]
[WhiteElo "1780"]
[BlackElo "1606"]
[PlyCount "46"]
[EventDate "2018.06.01"]
[EventType "swiss"]
[EventRounds "6"]
[EventCountry "NED"]
[SourceTitle "EXT 2019"]
[Source "ChessBase"]
[SourceDate "2018.10.10"]
[SourceVersion "1"]
[SourceVersionDate "2018.10.10"]
[SourceQuality "1"]

1. e4 c5 2. Nf3 Nc6 3. d4 cxd4 4. Nxd4 a6 5. c4 e6 6. Nc3 Bc5 7. Nxc6 bxc6 8. Bd3 h5 9. 0-0 Qc7 10. Kh1 Nf6 11. f4 Qa7 12. h3 h4 13. Qe1 Be7 14. Be3 Qb8 15. b3 Nh5 16. Rf3 Bb4 17. Rc1 Qd6 18. Qxh4 Qxd3 19. Bc5 Bxc5 20. Rxd3 Be7 21. Qf2 Nf6 22. Kg1 Bb7 23. c5 Nh5 1-0